Tales of Arcadia: characters - Statistics

General Stats
  • This quiz has been taken 79 times
    29 since last reset
  • The average score is 37 of 72
Answer Stats
Hint Answer % Correct
7: Number 6s son Bular the Butcher
100%
3: Number 1s girlfriend Claire Maria Nuñez
100%
5: Number 4s son Draal the Deadly
100%
1: First human trollhunter Jim Lake Jr
100%
11: Most powerful wizard Merlin Ambrosius
100%
2: Number 1s best friend Toby Domzalski
100%
13: Number 12s champion Angor Rot
92%
17: Trainer of number 1 Blinky Galadrigal
92%
32: Schools nerd Eli Pepperjack
92%
6: Big bad of trollhunters Gunmar the Black
92%
12: Known as the pale lady or the eldritch queen Morgana Le Fey
92%
31: Schools bully Steve Palchuk
92%
8: Number 1 and 2s changeling history teacher Waltolomew Stricklander
92%
20: Queen in waiting of Akiridian-5 Aja Tarron
85%
21: King in waiting of Akiridian-5 Krel Tarron
85%
10: Changeling museum worker Nomura
85%
9: Number 3s changeling brother NotEnrique
85%
15: Elder of troll market Vendel
85%
48: Number 2s girlfriend Darci Scott
77%
61: Gnome captured by numbers 1 and 2 Gnome Chompsky
77%
4: Previous trollhunter Kanjigar the Courageous
77%
56: Number 1 and 2s spanish teacher Karl Uhl
77%
14: Polymorph german Otto Scaarbach
77%
72: Volcanic troll of the Tribunal Gatto
69%
38: Number 12s brother King Arthur Pendragon
69%
22: The bodyguard of number 20 and 21 Varvatos Vex
69%
51: Mother of number 1 Barbara Lake
62%
18: Brother of number 17 Dictatious Maximus Galadrigal
62%
34: Number 11s present apprentice Douxie Casperan
62%
28: Durian ally of number 20 and 21 Stuart
62%
19: Gumm gumm general turned pacifist and partner of number 17 AAARRRGGHH!!!
54%
41: The leader of the Arcane Order Bellroc Keeper of the Flame
54%
46: The trollhunter who trapped number 6 in the darklands Deya the Deliverer
54%
39: Number 38s knight who is number 31s ancestor Lancelot
54%
43: Sister of 42 and 41 who turned good Nari of the Eternal Forest
54%
16: Queen of the krubera who betrayed the trolls Queen Usurna
54%
42: Brother of number 41 Skrael of the North Winds
54%
45: The trollhunter who lasted a day Unkar the Unfortunate
54%
52: A minor troll who often is in need of the trollhunter and the only troll who flirts Bagdwella
46%
55: Number 1 and 2s PE teacher Coach Lawrence
46%
24: Traitorous general of the akiridian army General Val Morando
46%
68: The mother ship of numbers 20 and 21 Mother
46%
57: Number 1 and 2s math teacher Mrs Janneth
46%
35: Number 34s pet dragon Archibald
38%
59: Robot blank that acted as number 20 and 21s father Ricky
38%
63, 64: Two trolls who live in troll market and trade gaggletacks in their store Rot and Gut
38%
36: Number 35s father Charlemagne
31%
40: Number 11s old friend Galahad
31%
60: Robot blank that acted as number 20 and 21s mother Lucy
31%
30: Canine of numbers 20, 21, and 22 Luug
31%
37: Number 34s love interest Zoe Ashildr
31%
44: The lady of the lake Nimue
23%
23: May be considered another guardian of the royals Zadra
23%
25, 26, 27: Members of the zeron brotherhood who were hired by number 24 to kill numbers 20 and 21 Zeron Beta and Zeron Alpha and Zeron Omega
23%
29: Number 28s best friend Buster
15%
70: The mother of numbers 20 and 21 Coranda Tarron
15%
69: The father of numbers 20 and 21 Fialkov Tarron
15%
62: Group of bounty hunters that quickly breed and multiply if you spare even two Foo Foos
15%
47: Number 28s ex girlfriend and was secretly hired by number 24 to kill 20 and 21 Gwendolyn
15%
53: One of the bounty hunters who was hired by number 24 to kill numbers 20 and 21 who weilds a double hammer and is a cidorite Magmatron
15%
49: Number 3 and 48s best friend Marie Wang
15%
58: Number 2s dentist Mario Muelas
15%
50: Electric bounty hunter hired by number 24 to kill numbers 20 and 21 Tronos Madu
15%
73: Tribunal member who was turned into a gumm-gumm soldier Bork
8%
54: The colonel of area 49-b who wants to hunt down and expirement on numbers 20 and 21 Colonel Krubitz
8%
33: Goblin that numbers 31 and 32 captured Fragwa
8%
74: Bird-like bounty hunter hired by number 24 to kill numbers 20 and 21 Halcon
8%
65, 66: Two stone heads who are door keepers for number 44's cave Lock and Latch
8%
75: Chief advisor of the royals Loth Saborian
8%
67: Father of number 48 Louis Scott
8%
76: Time traveling trickster troll Porgon
8%
71: Queen of the Wampas Wise Wampa
8%
No matching quizzes found
Score Distribution
Percent of People with Each Score
Percentile by Number Answered
Your Score History
You have not taken this quiz since the last reset